Neue Musik seit 1945 /
Saved in:
| Main Author: | |
|---|---|
| Format: | Book |
| Language: | German |
| Published: |
Stuttgart :
Reclam,
1982.
|
| Edition: | 3., neubearbeitete und erw. Aufl. |
| Subjects: | |
| Tags: |
Add Tag
No Tags, Be the first to tag this record!
|
| LEADER | 00932nam a2200253I 4500 | ||
|---|---|---|---|
| 001 | 001075909-3 | ||
| 005 | 20071012112149.0 | ||
| 008 | 830411s1982 gw ag b 00110 ger d | ||
| 020 | |a 3150102030 | ||
| 035 | 0 | |a ocm09398233 | |
| 040 | |a RES |c RES | ||
| 050 | 0 | 0 | |a ML197 |b .V64 1982 |
| 100 | 1 | |a Vogt, Hans, |d 1911-1992. | |
| 245 | 1 | 0 | |a Neue Musik seit 1945 / |c Hans Vogt; unter Mitarbeit von Maja Bard ... [et al.]. |
| 250 | |a 3., neubearbeitete und erw. Aufl. | ||
| 260 | 0 | |a Stuttgart : |b Reclam, |c 1982. | |
| 300 | |a 538 p. : |b ill., music ; |c 22 cm. | ||
| 504 | |a Includes bibliographical references and index. | ||
| 650 | 0 | |a Music |y 20th century |x History and criticism. | |
| 650 | 0 | |a Composers. | |
| 655 | 7 | |a Criticism, interpretation, etc. |2 fast | |
| 776 | 0 | 8 | |i Online version: |a Vogt, Hans, 1911-1992. |t Neue Musik seit 1945. |b 3., neubearbeitete und erw. Aufl. |d Stuttgart : Reclam, ©1982 |w (OCoLC)560681133 |
| 988 | |a 20020608 | ||
| 906 | |0 OCLC | ||


